Fundamentals of Operations Management

Na minha lista:
Detalhes bibliográficos
Autor principal: Aquilano, Nicholas J.
Outros Autores: Chase, Richard B.
Formato: Livro
Idioma:inglês
Publicado em: Homewood IRWIN 1991
Edição:1. ed.
Assuntos:
Tags: Adicionar Tag
Sem tags, seja o primeiro a adicionar uma tag!

MARC

LEADER 00000nam a2200000 4500
001 c014398
005 20221206114611.2
020 |a 0-256-02830-3 
041 0 |a eng 
044 |a US 
245 1 0 |a Fundamentals of Operations Management  |c Nicholas J. Aquilano, Richard B. Chase 
250 |a 1. ed. 
264 1 |a Homewood  |b IRWIN  |c 1991 
300 |a 732 s. 
610 2 0 |a riadenie výroby 
610 2 0 |a riadenie vnútropodnikové 
610 2 0 |a prevádzky 
610 2 0 |a manažment 
100 1 |a Aquilano, Nicholas J. 
700 1 |a Chase, Richard B.